Tansen (Record no. 159151)
[ view plain ]
| 000 -LEADER | |
|---|---|
| fixed length control field | 00752nam a22002297a 4500 |
| 005 - DATE AND TIME OF LATEST TRANSACTION | |
| control field | 20181206123151.0 |
| 006 - FIXED-LENGTH DATA ELEMENTS--ADDITIONAL MATERIAL CHARACTERISTICS--GENERAL INFORMATION | |
| fixed length control field | a|||||f|||| 00| 0 |
| 007 - PHYSICAL DESCRIPTION FIXED FIELD--GENERAL INFORMATION | |
| fixed length control field | tc |
| 008 - FIXED-LENGTH DATA ELEMENTS--GENERAL INFORMATION | |
| fixed length control field | 181206b |||||f|||| 00| 0 eng d |
| 010 ## - LCCN (DPL NO) | |
| LC control number | B-218247-B-218248 |
| 020 ## - INTERNATIONAL STANDARD BOOK NUMBER | |
| Terms of availability | 3.00 (per set) |
| 035 ## - SYSTEM CONTROL NUMBER | |
| System control number | B-218247 |
| 037 ## - SOURCE OF ACQUISITION | |
| Source of stock number/acquisition | A.I.C.B. |
| 082 ## - DEWEY DECIMAL CLASSIFICATION NUMBER | |
| Classification number | 921 |
| 100 ## - MAIN ENTRY--PERSONAL NAME | |
| Personal name | Dabar,Ashok |
| 245 ## - TITLE STATEMENT | |
| Title | Tansen |
| Remainder of title | : The Magical Musician |
| Statement of responsibility, etc | By Ashok Dabar |
| 260 ## - PUBLICATION, DISTRIBUTION, ETC. (IMPRINT) | |
| Place of publication, distribution, etc | Delhi |
| Name of publisher, distributor, etc | A.I.C.B. |
| Date of publication, distribution, etc | N.D. |
| 270 ## - ADDRESS | |
| Address | Sector-5,Rohini, |
| City | New Delhi |
| Postal code | 110085 |
| Telephone number | 011-27054082 |
| 300 ## - PHYSICAL DESCRIPTION | |
| Extent | Various pages |
| Dimensions | 30cm(HB) |
| 942 ## - ADDED ENTRY ELEMENTS (KOHA) | |
| Source of classification or shelving scheme | Dewey Decimal Classification |
| Item type | Braille-Books-English |
| Classification part | 921 |
| Call number suffix | DAV |
| Withdrawn status | Lost status | Not for loan | Collection code | Home library | Current library | Date acquired | Source of acquisition | Cost, normal purchase price | Full call number | Barcode | Copy number | Koha item type |
|---|---|---|---|---|---|---|---|---|---|---|---|---|
| Non-fiction | Braille-Library | Braille-Library | 24/10/2007 | B-218247-B-218248 | 3.00 | 921 DAV | B-218247 | 1 | Braille-Books-English | |||
| Non-fiction | Braille-Library | Braille-Library | 24/10/2007 | B-218247-B-218248 | 3.00 | 921 DAV | B-218248 | 1 | Braille-Books-English |
